000 00417cam a2200181ua 4500
001 8480
008 110908n1994 II |||gr||||Z||||||eng
040 _aMAIN
041 _aEnglish
082 _a593.9 KOT
100 _aKOTPAL, R.L.
245 _aECHINODERMATA
250 _a5TH.
260 _aMEERUT
_bRASTOGI PUBLICATION
_c1994
300 _a216:
_c17CM.
653 _aMarine & seashore invertebrates
942 _cBK
999 _c8457
_d8457